000 00323nam a2200145Ia 4500
008 240112s2018 xx 000 0 und d
022 _a9719202
041 _aeng
082 _a618
100 _aKHADILKAR S.
245 _aTHE JOU. OF OBST. & GYNAC.
260 _bSPRINGER
_c2018
300 _a510
_c4-6
440 _v68
999 _c1145726
_d1145726